000 00265nam a2200097Ia 4500
001 640577
005 20250826153450.0
008 250824s9999 xx 000 0 und d
245 0 _aÇOK ÖZEL SÖZEL ZEKA
_cOSMAN ALGIN-SÜLEYMAN KAHRAMAN
260 _bEĞLENCELİ BİLGİ
999 _c640577
_d640577